000 00518nam a2200181Ia 4500
999 _c29016
_d29016
003 OSt
005 20210111120211.0
008 190216s9999||||xx |||||||||||||| ||und||
020 _a9788182641457
040 _coclc
082 _a894.8122
_bLEN/C
100 _aLenin, Rajendran
_98184
245 0 _aChillu /
_cRajendran Lenin
260 _bMathrubhumi Printing And Publishing,
_aKozhikode:
_c2005.
300 _a64p
650 _aNadakam
942 _cBK
_2ddc
_h894.8122
_iLEN/C
_k894.8122
_mLEN/C